South Eastern Kenya University

Library Online Public Access Catalogue


The source for children with cochlear implants / (Record no. 4591)

MARC details
000 -LEADER
fixed length control field 00397cam a22001457a 4500
020 ## - ISBN
International Standard Book Number 0760605483
050 00 - LIBRARY OF CONGRESS CALL NUMBER
Classification Number RF 305
Item Number .E78 2005
100 1# - MAIN ENTRY--Author
Personal name Ertmer, David J.
245 14 - TITLE
Title The source for children with cochlear implants /
Statement of responsibility, etc David J. Ertmer.
260 ## - PUBLICATION, DISTRIBUTION, ETC.(IMPRINT)
Place of publication, distribution, etc East Moline, IL :
Name of publisher, distributor, etc LinguiSystems,
Date of publication, distribution, etc c2005.
300 ## - PHYSICAL DESCRIPTION
Extent 180 p. :
650 #0 - SUBJECT--TOPIC
General subdivision Rehabilitation.
650 #0 - SUBJECT--TOPIC
General subdivision Treatment.
942 ## - ADDED ENTRY ELEMENTS(KOHA)
Source of classification or shelving scheme Library of Congress Classification
Koha item type General circulation
Holdings
Source of classification or shelving scheme Not for loan Location (home branch) Sublocation (holding branch) Shelving location Date accessioned Cost, normal purchase price Full call number Barcode Cost, replacement price Nonpublic note Koha item type
Library of Congress Classification   Main Campus Library Main Campus Library   30/06/2015 2080.00 RF 305 .E78 2005 2015/001221 2580.00 jm General circulation
Kitui, Kenya.
+254736116989
library@seku.ac.ke